Kwaidan: Cuentos fantásticos del Japón (Record no. 35182)

MARC details
000 -LEADER
campo de control de longitud fija 00305nam a2200121Ia 4500
005 - FECHA Y HORA DE LA ÚLTIMA TRANSACCIÓN
campo de control 20251222154358.0
008 - DATOS DE LONGITUD FIJA--INFORMACIÓN GENERAL
campo de control de longitud fija 251222s9999||||xx |||||||||||||| ||spa||
082 ## - NÚMERO DE LA CLASIFICACIÓN DECIMAL DEWEY
Número de clasificación 828.8/L15
100 ## - ENTRADA PRINCIPAL--NOMBRE DE PERSONA
Nombre de persona "Lafcadio Hearn, Patrick"
245 #0 - MENCIÓN DEL TÍTULO
Título Kwaidan: Cuentos fantásticos del Japón
250 ## - MENCION DE EDICION
Mención de edición 3a.ed.
942 ## - ELEMENTOS DE ENTRADA SECUNDARIOS (KOHA)
Tipo de ítem Koha Libros
Holdings
Estatus retirado Estado de pérdida Estado de daño No para préstamo Biblioteca de origen Biblioteca actual Ubicación en estantería Fecha de adquisición Total de préstamos Signatura topográfica completa Código de barras Visto por última vez Precio de reemplazo Tipo de ítem Koha
        Biblioteca Tarma Biblioteca Tarma Programa 22/12/2025   828.8/L15 0021421 22/12/2025 22/12/2025 Libros